| 000 | 00819nam a22002297a 4500 | ||
|---|---|---|---|
| 005 | 20110914122323.0 | ||
| 008 | 110914t xxu||||| |||| 00| 0 eng d | ||
| 010 | _aENG-103687 | ||
| 020 |
_a9788184503531 _c880.00 |
||
| 035 | _aEN-87220 | ||
| 037 | _bDBAD/PUB | ||
| 040 |
_aDPL _bEng |
||
| 100 |
_aSharma, Pawan Kumar _934730 |
||
| 245 |
_aFuturistic geography : _cby Pawan Kumar Sharma _bthe Chandigarh periphery zone : 2020 / |
||
| 260 |
_aNew Delhi _bDeep and Deep Publications _c2011 |
||
| 270 |
_aF-159, Rajouri Garden _bNew Delhi _e110027 |
||
| 300 |
_axv,216p. : _c23cm (Hb) _bmaps |
||
| 500 | _aIncludes bibliographical references and index | ||
| 700 | _934731 | ||
| 942 |
_2ddc _cEN _mSHA |
||
| 999 |
_c56591 _d56591 |
||